000 00538nam a22001817a 4500
005 20251108171114.0
008 250721s1985 xx 000 0 ara d
082 1 4 _a938.07/محم
100 1 _aصفا، محمد أسد الله
245 1 0 _aالإسكندر المكدوني الكبير /
264 1 _aبيروت :
_bدار النفائس،
_c1985.
300 _a182ص ؛ خرائط
490 0 _aأعلام الحرب
650 1 7 _aالينان
650 1 7 _aالتاريخ القديم
942 _2ddc
_cBK
999 _c56733
_d56733